1647 1183 1502 1477 1350 1888 1818 1794 1338 1228 1285 1779 1189 1772 1464 1388 1723 1856 1348 1768 1133 1156 1760 1678 1002 1519 1293 1079 1391 1504 1568 1967 1464 1514 1154 1511 1938 1238 1616 1796 1824 1907 1612 1598 1838 1859 1995 1695 1647 1270 1491 1089 1448 1126 1244 1683 1236 1183 1576 1852 1885 1819 1535 1337 1723 1985 1389 1643 1401 1901 1691 1714 1173 1776 1679 1162 1338 1442 1494 1055 1388 1430 1113 1613 1842 1160 1097 1460 1771 1019 1864 1013 1162 1074 1235 1873 1169 1400 1374 BCNSPRNW ULIB Ver.6.0+V

เปลี่ยนเป็นภาษาไทย

Change to English
 แสดงรายละเอียดบรรณานุกรม
  กลับหน้าหลัก

Brief Record : Get Marc (ISO 2709) : E-mail record : QR code < ปิดหน้าต่าง
LEADER : 00000nam 2200000uu 4500
001    13399112557
003     ULIB
008    110824s2552||||th 000 0 tha d
020    9786169028307
090    นว.^bบ422ฮ 2552
100 0  บุญชรัสมิ์ สุขสว่าง
245 00 แฮร์รี่ พอตเตอร์ เรื่องราวของเด็กชายผู้รอดชีวิต/^cบุญชรัสมิ์ สุขสว่าง
250    พิมพ์ครั้งที่ 1
260    กรุงเทพฯ :^bอัลเลลูยาพับลิชชิ่ง,^c2552
300    213 หน้า
945    ^p140^l0^i026777
995    ทศพร
999     ^aใช้งานได้ทุกระบบ
รายการนี้ยังไม่มีแท็ก
คุณยังไม่ได้ล็อกอิน คุณสามารถมีกิจกรรมร่วมกับเว็บไซต์ได้ แต่ต้องล็อกอินก่อน ::
  ล็อกอิน

รายการสื่อสารสนเทศ

ลำดับที่ ประเภท เลขเรียก/บาร์โค้ด สถานที่ สถานะ
- ไม่พบข้อมูล -

BibComment


ยังไม่เคยถูกคอมเมนท์

คอมเมนท์ทรัพยากรรายการนี้
  คอมเมนท์: แฮร์รี่ พอตเตอร์ ..


 Copyright 2026. Bcnsprnw @Library